000 00495nam a2200193Ia 4500
008 220531s9999 xx 000 0 und d
041 _aeng
082 _a-
_bLOK
100 _aLokhande, M. A.
_963704
245 _aMicro Finance And Women Empowerment
250 _a1ST
260 _aNew Delhi
_bNew Century
_c2014
300 _a177
542 _d22-04-2015
551 _aEconomics
_bGrantebal-E
650 _aMicro Finance
_963705
906 _d2015-2016
_f8175
999 _c36166
_d36166